Guess the Taylor Swift Song with No Hints - 20 - Statistics

General Stats
  • This quiz has been taken 72 times
  • The average score is 270 of 408
Answer Stats
Answer % Correct
I
100%
a
97%
you
95%
you"
95%
You
95%
the
93%
and
91%
And
91%
me
91%
to
91%
be
88%
in
88%
when
88%
your
88%
It
86%
it
86%
never
86%
"Never
86%
he
84%
He
84%
on
84%
so
83%
So
83%
all
81%
ever
81%
for
81%
that
81%
you're
81%
You're
81%
at
79%
go
79%
hear
79%
her
79%
my
79%
then
79%
what
79%
of
78%
time,"
78%
time
78%
was
78%
by
76%
I'm
76%
like
76%
why"
76%
would
76%
it's
74%
It's
74%
"Too
74%
"Always
71%
But
71%
but
71%
just
71%
know
71%
mine?
71%
said
71%
see
71%
"Here
69%
his
69%
away"
67%
away
67%
been
67%
"Every
67%
every
67%
had
66%
told
66%
get
64%
look
64%
"Look
64%
up
64%
will
64%
fine"
62%
fine
62%
got
62%
Oh,
62%
day
60%
Everything
60%
everything
60%
"Everything
60%
"I've
60%
I've
60%
last
60%
right
60%
side"
60%
you'd
60%
you'll
60%
after
59%
'Cause
59%
eye
59%
life"
59%
Mr.
59%
Now
59%
"Perfect
59%
place
59%
stay"
59%
around
57%
Hello
57%
face"
55%
heart"
55%
heart
55%
heart,
55%
"Perfectly
55%
perfectly
55%
Well,
55%
breakin'
53%
breaking
53%
cry"
53%
goodbye
53%
Goodbye
53%
How's
53%
"Looked
53%
even
52%
"Gonna
52%
he's
52%
Miss
52%
miss
52%
about
50%
alone,"
50%
baby
50%
"Casually
50%
"Change
50%
cruel"
50%
"Casually
50%
doesn't
50%
end,
50%
fall
50%
from
50%
girl
50%
okay
50%
waiting
50%
guy"
48%
late"
48%
since
48%
takes
48%
wonderful
48%
bad
47%
through
47%
best
45%
each
45%
revolves
45%
apart
43%
"Leaves
43%
"Misery"
43%
name
43%
pickin'
43%
put
43%
alright
41%
goes
41%
'round
41%
single
41%
until
41%
arm
40%
heard
40%
someday"
40%
someday
40%
eyes
38%
room
38%
thought
38%
dignified
36%
really
36%
same
36%
suit
36%
brand-new
34%
maybe
34%
far
33%
guess
33%
past
33%
phased
33%
shame
33%
such
33%
above
31%
anything
31%
apology
31%
different
31%
Forgets
31%
"Insincere
31%
seat,
31%
wins"
31%
feeling
29%
rest
29%
smug,
29%
well-pressed
29%
might
28%
sense
24%
strategized,
22%
Sashay
21%
No matching quizzes found
Score Distribution
Percent of People with Each Score
Percentile by Number Answered
Your Score History
You have not taken this quiz